Вибрані твори у двох томах (Запис № 333753)

МАРК-запис
000 -Лідер
fixed length control field 00715nam a22002657a 4500
001 - Контрольний номер
control field 47655
003 - Ідентифікатор контрольного номера
control field UA-OsUOA
005 - Дата та час останнього входження (трансакції)
control field 20220421174409.0
007 - Фіксоване поле фізичного опису
fixed length control field ta
008 - Елементи даних фіксованої довжини – загальна інформація
fixed length control field 20070815b un ||||| |||| 00| 0 ukr d
020 ## - Міжнародний стандартний книжковий номер (ISBN)
Міжнародний стандартний книжковий номер (ISBN) (НП) 9667492303
040 ## - Джерело каталогізації
Агенція оригінальної каталогізації UA-OsUOA
Мова каталогізації ukr
Агенція, яка здійснювала перезапис UA-OsUOA
Агенція, яка здійснювала модифікацію UA-OsUOA
041 ## - Код мови
Код мови тексту/ звукової доріжки чи окремого заголовка (П) ukr
080 ## - Індекс Універсальної десяткової класифікації
Індекс Універсальної десяткової класифікації (УДК) (НП) 821.161.2
090 ## - Локальний шифр розміщення
Класифікаційний індекс УДК 821.161.2
Авторський знак (НП) Р50
100 ## - Основне введення – ім’я особи
Ім’я особи (НП) Рильський М.
245 ## - Відомості про назву
Назва (НП) Вибрані твори у двох томах
260 ## - Публікація, розповсюдження і т.п. (Вихідні дані)
Місце публікації, розповсюдження і т.п. (П) К.
Дата публікації, розповсюдження і т.п. (П) 2006
300 ## - Фізичний опис
Обсяг 608 с.
505 ## - Форматована примітка про зміст
Змішана інформація Т. 2
Назва Переклади
650 #7 - Додаткове предметне введення – тематичний термін
Тематичний термін чи географічна назва, як елемент введення (НП) 821 Художня література
Джерело заголовка чи терміна UDC
942 ## - Додаткові елементи входу (Коха)
Тип елемента Koha Книги
Source of classification or shelving scheme Universal Decimal Classification
955 ## - Код типу видання за змістом
Код типу видання за змістом (НП) Літературно-художні видання
Фонди
Стан вилучень Стан втрат Джерело класифікації або схеми стелажів Стан уражень Не для кредиту Постійне місце розташування Поточне розміщення Дата придбання Джерело придбання Вартість, звичайна ціна покупки Послідовне перерахування / хронологія Інвентарний номер Повний номер виклику Штрих-код Дата останнього перегляду Ціна ефективна від Тип елемента Koha
    Universal Decimal Classification     АБ - Абонемент НБ АБ - Абонемент НБ 15/08/2007 136/2007 51.76 Т. 2 106074 821.161.2 Р50 106074 26/05/2022 15/08/2007 Книги
    Universal Decimal Classification     АБ - Абонемент НБ АБ - Абонемент НБ 15/08/2007 136/2007 51.76 Т. 2 106075 821.161.2 Р50 106075 05/04/2022 15/08/2007 Книги
    Universal Decimal Classification     АБ - Абонемент НБ АБ - Абонемент НБ 15/08/2007 136/2007 51.76 Т. 2 106076 821.161.2 Р50 106076 26/05/2022 15/08/2007 Книги
    Universal Decimal Classification     АБ - Абонемент НБ АБ - Абонемент НБ 15/08/2007 136/2007 51.76 Т. 2 106077 821.161.2 Р50 106077 26/05/2022 15/08/2007 Книги
    Universal Decimal Classification     АБ - Абонемент НБ АБ - Абонемент НБ 15/08/2007 136/2007 51.76 Т. 2 106078 821.161.2 Р50 106078 05/04/2022 15/08/2007 Книги
    Universal Decimal Classification     АБ - Абонемент НБ АБ - Абонемент НБ 15/08/2007 136/2007 51.76 Т. 2 106079 821.161.2 Р50 106079 26/05/2022 15/08/2007 Книги
    Universal Decimal Classification     АБ - Абонемент НБ АБ - Абонемент НБ 15/08/2007 136/2007 51.76 Т. 2 106080 821.161.2 Р50 106080 26/05/2022 15/08/2007 Книги
    Universal Decimal Classification     АБ - Абонемент НБ АБ - Абонемент НБ 15/08/2007 136/2007 51.76 Т. 2 106081 821.161.2 Р50 106081 26/05/2022 15/08/2007 Книги
    Universal Decimal Classification     АБ - Абонемент НБ АБ - Абонемент НБ 15/08/2007 136/2007 51.76 Т. 2 106082 821.161.2 Р50 106082 26/05/2022 15/08/2007 Книги